| 000 | 00713nam a2200217Ia 4500 | ||
|---|---|---|---|
| 008 | 140321s9999 xx 000 0 und d | ||
| 020 | _a9788126147342 | ||
| 050 |
_aTX 911.3.M27 _b.M426h 2012 |
||
| 100 | _aMathur, Akhil | ||
| 245 |
_aHotel restaurant and food service administration / _cAkhil Mathur. |
||
| 250 | _a1st ed. | ||
| 260 |
_aNew Delhi : _bAnmol Publications Pvt. Ltd., _cc2012. |
||
| 300 |
_a296 p. : _c22 cm. |
||
| 440 | _a(Encyclopaedia of tourism, hotel, food and hospitality management series). | ||
| 500 | _aIncludes bibliographical references and index. | ||
| 521 | _aTOU | ||
| 650 | _aFood service management. | ||
| 650 | _aHotel management. | ||
| 942 |
_kFOR _cBK |
||
| 999 |
_c48501 _d48501 |
||